[Event "ITA-ch Amateur C"]
[Site "Civitanova Marche"]
[Date "2012.07.19"]
[Round "5"]
[White "Ambrosini, Andrea"]
[Black "Graziani, Roberto"]
[Result "1-0"]
[WhiteElo "1684"]
[BlackElo "1746"]
[PlyCount "95"]
[EventDate "2012.07.15"]
[EventType "swiss"]
[EventRounds "8"]
[EventCountry "ITA"]
[SourceTitle "EXT 2024"]
[Source "ChessBase"]
[SourceDate "2023.10.10"]
[SourceVersion "1"]
[SourceVersionDate "2023.10.10"]
[SourceQuality "1"]

1. e4 c5 2. Nf3 d6 3. Bb5+ Bd7 4. Bxd7+ Nxd7 5. 0-0 Ngf6 6. Re1 Qc7 7. c3 e6 8. d4 cxd4 9. cxd4 Be7 10. Nc3 0-0 11. Bg5 Qd8 12. Qd2 Nh5 13. Be3 g6 14. Bh6 Re8 15. Rad1 Nb6 16. Qe2 Rc8 17. Rc1 Bf8 18. Bxf8 Kxf8 19. Qd2 Kg7 20. b3 a6 21. h3 Nf6 22. Qe3 h6 23. Rc2 Re7 24. Rec1 Rec7 25. d5 Nbd7 26. dxe6 fxe6 27. Nd4 Qe7 28. f4 Qf7 29. f5 exf5 30. exf5 Re8 31. Ne6+ Kh7 32. Qg3 Rc6 33. fxg6+ Qxg6 34. Qxg6+ Kxg6 35. Re2 Rec8 36. Re3 Nd5 37. Rg3+ Kh7 38. Rg7+ Kh8 39. Rxd7 Rxc3 40. Rxc3 Nxc3 41. Rxb7 Nxa2 42. Rb6 Rc3 43. Rxa6 Nb4 44. Rxd6 Rxb3 45. Rb6 Rb1+ 46. Kh2 Kh7 47. Nf4 Rf1 48. Rxb4 1-0